La Tarragona republicana (1931-1936) / [Arxiu Municipal, Biblioteca-Hemeroteca Municipal ; cronologia a cura de M. Elena Virgili Bertran]
ISBN:
84-934517-9-7
Descripción Física:
91 p. : il. col. ; 21 cm
Colección:
Quaderns de l'Arxiu ; 1
MARC
| LEADER | 00000nam a2200000Ia 4500 | ||
|---|---|---|---|
| 001 | 17579 | ||
| 008 | 160829s2006 xx 000 0 cat d | ||
| 020 | |a 84-934517-9-7 | ||
| 080 | |a A-2-244 | ||
| 245 | |a La Tarragona republicana (1931-1936) / [Arxiu Municipal, Biblioteca-Hemeroteca Municipal ; cronologia a cura de M. Elena Virgili Bertran] | ||
| 260 | |a Tarragona : |b Servei d'Arxiu i Documentació Municipal, Ajuntament de Tarragona, |c 2006 | ||
| 300 | |a 91 p. : |b il. col. ; |c 21 cm | ||
| 490 | |a Quaderns de l'Arxiu ; 1 | ||
| 590 | |a Bibliografia. | ||
| 590 | |a Amb motiu dels 75 anys de la proclamació de la Segona República | ||
| 650 | |a Tarragona |x Història |x 1931/1939, Segona República Espanyola |x Fonts |9 27818 | ||
| 700 | |a Virgili i Bertran, M. Elena |9 27819 | ||
| 700 | |a Tarragona. Servei d'Arxiu i Documentació Municipal |9 27820 | ||
| 901 | |a Arxiu | ||
| 942 | |n 1 | ||
| 952 | |0 0 |1 0 |4 0 |6 A2244 |7 1 |9 44560 |a Arxiu |b Arxiu |d 2016-12-01 |l 0 |o A-2-244 |p 17579 |r 2016-12-01 00:00:00 |w 2016-12-01 |y ARXIU | ||
| 999 | |c 47141 |d 47141 | ||